| 000 | 00622 caa22001694124500 | ||
|---|---|---|---|
| 001 | 000015305 | ||
| 005 | 20200929164016.0 | ||
| 008 | 820312s1932 cl 000 0 spa | ||
| 040 |
_aDO-SdBNP _bspa _cBNPHU |
||
| 100 | 1 |
_aBello, Andres, _d1781-1865. [from old catalog] _934611 |
|
| 240 | 1 | 0 | _aPrincipios de derecho internacional [from old catalog] |
| 245 | 1 | 0 | _aDerecho internacional. |
| 250 | _aEdicion hecha bajo los auspicios de la Universidad de Chile. | ||
| 260 |
_a[Santiago de Chile] : _bNascimento, _c[1932]. |
||
| 300 |
_a2 p.l., [7]-581 p. ; _c25 cm. |
||
| 710 | 1 |
_bUniversidad, Santiago. [from old catalog] _934612 |
|
| 999 |
_c14871 _d14871 |
||